Normal view
MARC view
Entry Personal Name
001 - CONTROL NUMBER
- control field: 51531
003 - CONTROL NUMBER IDENTIFIER
- control field: dpl
005 - DATE AND TIME OF LATEST TRANSACTION
- control field: 20120827115806.0
008 - FIXED-LENGTH DATA ELEMENTS
- fixed length control field: 120827|||a|||||| | ||| d
040 ## - CATALOGING SOURCE
- Original cataloging agency: dpl
- Transcribing agency: dpl
100 ## - HEADING--PERSONAL NAME
- Personal name: Parameswar De
670 ## - SOURCE DATA FOUND
- Source citation: Work cat.: (dpl): 51509 Sinha, A.P., Mass transfer :, c2012
670 ## - SOURCE DATA FOUND
- Source citation: Work cat.: (dpl): 51509 Sinha, A.P., Mass transfer :, c2012
